| 000 | 00831cac a2200253 a 4500 | ||
|---|---|---|---|
| 003 | Co-PeBPM | ||
| 005 | 20250616151416.0 | ||
| 008 | 231129e1978||||xx |||||||||||||| ||spa|| | ||
| 040 | 0 |
_aCo-PeBPM _bspa _cCo-PeBPM _erda |
|
| 041 | _aspa | ||
| 082 | 0 | 4 |
_a465 R436c _222 |
| 100 | 1 |
_aRestrepo, Felix _eAutor |
|
| 245 | 1 | 0 |
_aEl Castellano Naciente y Otros Estudios Filológicos _c/ Félix Restrepo |
| 260 |
_aBogotá, Colombia _b: Editorial Instituto Caro y Cuervo _c, 1978 |
||
| 300 |
_a286 Páginas _c; 21 Centímetros |
||
| 490 | _aInstituto Caro y Cuervo Biblioteca Colombiana XV | ||
| 500 | _aIncluye Índice. | ||
| 504 | _aIncluye Bibliografía. | ||
| 650 | 1 | 4 |
_2LEMB _aFilología Española |
| 650 | 1 | 4 |
_2LEMB _aEnseñanza |
| 650 | 1 | 4 |
_2LEMB _aAprendizaje |
| 700 |
_aBejarano Diaz, Horacio. _eEdición |
||
| 942 |
_2ddc _cBK |
||
| 999 |
_c10531 _d10531 |
||